| 000 | 00764nam a2200217 i 4500 | ||
|---|---|---|---|
| 001 | 175557 | ||
| 003 | ES-MaACL | ||
| 005 | 20250807081625.0 | ||
| 008 | 101108s1969 sp |||| | spa d | ||
| 080 | _a348.6:347.62 | ||
| 100 | 1 |
_aAlemany Gal-Boguñá, José María. _919732 |
|
| 245 | 1 | 0 |
_aTodo sobre matrimonio y separación / _cJosé María Alemany Gal-Boguñá. |
| 260 |
_aBarcelona : _bDe Vecchi, _cimp. 1969. |
||
| 300 |
_a261 p. ; _c20 cm. |
||
| 490 | 1 |
_aBiblioteca "La ley para todos" ; _v3 |
|
| 650 | 7 |
_aMatrimonio (Derecho canónico) _2embne _914862 |
|
| 650 | 4 |
_aNulidad matrimonial (Derecho canónico) _9143853 |
|
| 830 | 0 |
_aBiblioteca "La ley para todos" ; _v3 _9189806 |
|
| 852 |
_aES-MaACL _jE-13446 _xOlim P-1841 |
||
| 999 |
_c175557 _d175557 |
||